Statistics for Real Madrid CF Squad 2017-2018

Click here to take the quiz!

General Stats

  • This quiz has been taken 83 times
  • The average score is 20 of 24

Answer Stats

#PositionNationPlayer% Correct
7FWPortugalCristiano Ronaldo
100%
11FWWalesGareth Bale
100%
9FWFranceKarim Benzema
100%
1GKCosta RicaKeylor Navas
100%
10MFCroatiaLuka Modrić
100%
12DFBrazilMarcelo Vieira
100%
5DFFranceRaphaël Varane
100%
4DFSpainSergio Ramos
100%
8MFGermanyToni Kroos
100%
2DFSpainDaniel Carvajal
98%
-CoachFranceZinédine Zidane
98%
6DFSpainNacho Fernández
93%
14MFBrazilCasemiro
91%
23MFCroatiaMateo Kovačić
89%
19DFMoroccoAchraf Hakimi
88%
17FWSpainLucas Vázquez
88%
20FWSpainMarco Asensio
88%
22MFSpainIsco
82%
13GKSpainKiko Casilla
66%
15DFFranceTheo Hernández
59%
24MFSpainDani Ceballos
54%
3DFSpainJesús Vallejo
52%
18MFSpainMarcos Llorente
38%
21FWSpainBorja Mayoral
30%

Score Distribution

Percentile by Number Answered

Percent of People with Each Score

Your Score History

You have not taken this quiz